| 000 | 00647nam a22001937a 4500 | ||
|---|---|---|---|
| 999 |
_c20805 _d20805 |
||
| 005 | 20200203115942.0 | ||
| 008 | 200203b xxu||||| |||| 00| 0 spa d | ||
| 020 | _a9789968927291 | ||
| 040 |
_aCO-BoIAVH _cCO-BoIAVH |
||
| 041 | _aspa | ||
| 044 | _acr | ||
| 082 |
_a333.9516 _bH26e |
||
| 100 | _aHarvey, Celia Alice | ||
| 245 | _aEvaluación y conservación de biodiversidad en paisajes fragmentados de Mesoamérica | ||
| 250 | _aPrimera edición | ||
| 260 |
_aSanto Domingo de Heredia: _bInstituto Nacional de Biodiversidad, _bINBio, _c2008. |
||
| 300 |
_a146 Páginas: _bgráficos y fotografías, _c28 x 22 cm. |
||
| 942 |
_2ddc _cLIBRO |
||